| 000 | 01240cam a2200277 4500 | ||
|---|---|---|---|
| 001 | L135379 | ||
| 002 | 11568 | ||
| 008 | 061020n2006 000 0 eng u | ||
| 020 | _a013201985X | ||
| 035 | _a(Sirsi) u135379 | ||
| 041 | 0 | _aeng | |
| 100 | 1 | _aGreeno, Roger | |
| 245 | 0 | 0 | _aAdvanced construction technology |
| 250 | _a4th ed. | ||
| 260 |
_aHarlow _bPearson Prentice Hall _c2006 |
||
| 300 |
_av, 632p. _c24cm. |
||
| 350 | _a29.99 | ||
| 505 | 2 | _aSite works -- Pant and equipment -- Substructure one -- Substructure two -- Demolition and temporary work -- Portal frames -- Fire -- Claddings to framed structures -- Formwork systems -- Prestressed concrete -- Buildings for industrial and storage use -- Stairs -- Internal components -- External works -- Access and facilities for disabled buildings other than dwellings | |
| 520 | _aAims a comprehensive and practical guide to the construction of commercial and industrial buildings. Includes references to the relevent standards. | ||
| 520 | _aSupersedes third edition (ISBN 0582316170). Accompanies "Construction technology" (ISBN 0131286420). | ||
| 590 | _aKA | ||
| 651 | 4 |
_aUnited Kingdom _y |
|
| 690 | _aBUILT ENVIRONMENT | ||
| 700 | 1 | _aGreeno, Roger | |
| 942 | _n0 | ||
| 999 |
_c106032 _d106032 |
||